Reaction kinetics for chemical engineers (Record no. 24054)

MARC details
000 -LEADER
fixed length control field 00293nam a2200109Ia 4500
082 ## - DEWEY DECIMAL CLASSIFICATION NUMBER
Classification number 66:541.124
Item number WAL
100 ## - MAIN ENTRY--AUTHOR NAME
Personal name Walas, Stanley M
245 #0 - TITLE STATEMENT
Title Reaction kinetics for chemical engineers
260 ## - PUBLICATION, DISTRIBUTION, ETC. (IMPRINT)
Place of publication New York
Name of publisher McGraw Hill
Year of publication 1959
942 ## - ADDED ENTRY ELEMENTS (KOHA)
Koha item type Books
Holdings
Withdrawn status Lost status Damaged status Not for loan Home library Current library Date acquired Full call number Accession Number Koha item type
        RRII Library RRII Library 16/12/2021 66:541.124 WAL 04742 Books